The Life of Saladin (Record no. 325812)

000 -LEADER
fixed length control field 00311 a2200121 4500
001 - CONTROL NUMBER
control field 90739
003 - CONTROL NUMBER IDENTIFIER
control field NUST
082 ## - DEWEY DECIMAL CLASSIFICATION NUMBER
Classification number 923.16 DIN
100 ## - MAIN ENTRY--PERSONAL NAME
Personal name Beha Ed-Din
9 (RLIN) 9893
245 ## - TITLE STATEMENT
Title The Life of Saladin
Statement of responsibility, etc. Beha Ed-Din
Medium English
260 ## - PUBLICATION, DISTRIBUTION, ETC.
Place of publication, distribution, etc. Lahore, Pakistan
Name of publisher, distributor, etc. Islamic Book Services
Date of publication, distribution, etc. 1976
300 ## - PHYSICAL DESCRIPTION
Extent 420
942 ## - ADDED ENTRY ELEMENTS (KOHA)
Institution code [OBSOLETE] CAE NUST
Koha item type Book
Call number prefix 923.16 DIN
Source of classification or shelving scheme
Holdings
Withdrawn status Lost status Damaged status Not for loan Collection code Permanent Location Current Location Date acquired Total Checkouts Full call number Barcode Date last seen Price effective from Koha item type
          College of Aeronautical Engineering (CAE) College of Aeronautical Engineering (CAE) 04/03/2017   923.16 DIN CAE22191 04/05/2017 04/05/2017 Book
© 2023 Central Library, National University of Sciences and Technology. All Rights Reserved.